A l'atelier de la souries verte automne / (Record no. 33899)

MARC details
000 -CABECERA
campo de control de longitud fija 00596nam a2200181 a 4500
005 - FECHA Y HORA DE LA ÚLTIMA TRANSACCIÓN
campo de control 20241129063746.0
008 - ELEMENTOS DE LONGITUD FIJA--INFORMACIÓN GENERAL
campo de control de longitud fija 991125s1974 fr 000 0 fre u
020 ## - NÚMERO INTERNACIONAL NORMALIZADO PARA LIBROS
Número Internacional Estándar del Libro 204003840X
035 ## - NÚMERO DE CONTROL DEL SISTEMA
Número de control de sistema UPN01000033899
049 ## - COLECCIÓN
Colección CG
050 #4 - SIGNATURA TOPOGRÁFICA DE LA BIBLIOTECA DEL CONGRESO
Número de clasificación N352
-- A88
245 00 - MENCIÓN DE TÍTULO
Título A l'atelier de la souries verte automne /
Mención de responsabilidad, etc. textes de Gilberte Laroche-Clerc ; la souris verte a eté dessinée par Nicole Théodore-Le Mauff.
260 ## - PUBLICACIÓN, DISTRIBUCIÓN, ETC.
Lugar de publicación, distribución, etc. Paris :
Nombre del editor, distribuidor, etc. Bordas,
Fecha de publicación, distribución, etc. 1974.
300 ## - DESCRIPCIÓN FÍSICA
Extensión 95 p. :
Otras características físicas il. col.
650 #4 - ASIENTO SECUNDARIO DE MATERIA - TERMINO TEMATICO
Término de materia o nombre geográfico como elemento de entrada Trabajos manuales (Educación)
9 (RLIN) 6600
700 1# - ASIENTO SECUNDARIO--NOMBRE DE PERSONAL
Nombre de persona Laroche-Clerc, Gilberte,
Término indicativo de función/relación coaut.
905 ## - TIPO DE MATERIAL
Tipo de material Libro
Holdings
Estado de retiro Estado de pérdida Fuente del sistema de clasificación o colocación Estado dañado No para préstamo Código de colección Localización permanente Ubicación/localización actual Ubicación en estantería Fecha de adquisición Clasificación Código de barras Fecha visto por última vez Tipo de ítem Koha
    Library of Congress Classification     Colección General Bib. Gregorio Torres Quintero Bib. Gregorio Torres Quintero Planta baja 27/08/2024 N352 A88 50915 31/12/2020 Libro